Library Banner

Metaframeworks : Transcending the modles of family therapy (Record no. 10651)

MARC details
000 -LEADER
fixed length control field 00538nam a2200193Ia 4500
001 - CONTROL NUMBER
control field 9529
008 - FIXED-LENGTH DATA ELEMENTS--GENERAL INFORMATION
fixed length control field 140327s9999 xx 000 0 und d
020 ## - INTERNATIONAL STANDARD BOOK NUMBER
International Standard Book Number 1-55542-426-0
040 ## - CATALOGING SOURCE
Transcribing agency PK-LaUMT
082 ## - DEWEY DECIMAL CLASSIFICATION NUMBER
Classification number 616.89156
Item number BRE-M
100 ## - MAIN ENTRY--PERSONAL NAME
Personal name Breunlin, Douglas C.
245 ## - TITLE STATEMENT
Title Metaframeworks : Transcending the modles of family therapy
Statement of responsibility, etc Breunlin, Douglas C.<>Schwartz, Richard C., J.T.
260 ## - PUBLICATION, DISTRIBUTION, ETC. (IMPRINT)
Date of publication, distribution, etc 1992
300 ## - PHYSICAL DESCRIPTION
Extent 396 p.
546 ## - LANGUAGE NOTE
Language note EN
650 ## - SUBJECT ADDED ENTRY--TOPICAL TERM
Topical term or geographic name as entry element Faimly psychotherapy
700 ## - ADDED ENTRY--PERSONAL NAME
Personal name Schwartz, Richard C., J.T.
942 ## - ADDED ENTRY ELEMENTS (KOHA)
Koha item type Books
Holdings
Withdrawn status Lost status Damaged status Not for loan Home library Current library Date acquired Total Checkouts Full call number Barcode Date last seen Price effective from Koha item type
        UMT Main Campus UMT Main Campus 2014-03-27   616.89156 BRE-M 11887 2014-03-27 2014-03-27 Books